000 00737pam a2200229 a 4500
020 _a0070533989 (acidfree paper)
040 _cDLC
082 0 0 _a808 HIL 1997 A096 Or.
100 1 _aRobson, Andrew E.
245 1 0 _aThinking globally :
_bwriting and reading across the curriculum /
260 _aNew York :
_bMcGraw-Hill,
_cc1997.
300 _axxiv, 574 p. :
_bill. ;
_c24 cm.
650 0 _aCollege readers.
650 0 _aInterdisciplinary approach in education.
650 0 _aCivilization
650 0 _aEnglish language
650 0 _aReaders
650 0 _aAcademic writing.
856 4 2 _uhttp://www.loc.gov/catdir/description/mh022/96033227.html
856 4 1 _uhttp://www.loc.gov/catdir/toc/mh022/96033227.html
942 _cEK
999 _c13977
_d13977